Top 10 des inventions qui ont changé le monde - Statistiques

Statistiques générales
  • Ce quiz a été pris 61 fois
  • Le résultat moyen est 3 sur 10
Statistiques - réponses
Hint Réponse % Correct
8 La voiture
65%
4 Le téléphone
65%
5 Internet
60%
2 La roue
42%
3 L’électricité
11%
6 La pénicilline
7%
9 L’avion
7%
1 L’imprimerie
5%
10 L’énergie solaire
2%
7 L’ordinateur
2%
Aucun quiz correspondant
Distribution des résultats
% des personnes avec chaque résultat
Percentile par nombre de réponses
Votre historique - résultats
Vous n’avez pas pris ce quiz